000 01731aam a2200325 4500
001 768714001
003 CO-MdFUSB
005 20170512091511.0
008 170512t2016 sp ||||f |||| 00| 0 spa d
020 _a978-84-9879-022-1
_q (Vol. 1)
020 _a978-84-9879-151-8
_q(Vol. 2)
020 _a978-84-9879-242-3
_q( Vol. 3)
020 _a978-84-9879-610-0
_q(Vol. 4)
020 _a978-84-9879-023-8
_q(Vol. 5)
040 _aCO-MdFUSB
_bspa
_cCO-MdFUSB
_dCO-MdFUSBC
_erda
041 _aspa
082 0 4 _aR F4879f
245 1 0 _aFilón de Alejandría
_b: obras completas
_c / Edición dirigida por José Pablo Martín
264 1 _aMadrid :
_bTrotta,
_c[2016]
264 4 _c©2016
300 _a5 volumenes
_b:
_c23 cm.
336 _2rdacontent
_a1
_ba1
337 _2rdamedia
_a2
_b5
338 _2rdacarrier
_a2
_b5
501 _aRústico
505 0 0 _aVolumen I : La creación del mundo según Moisés -- Alegorías de las leyes I-II -- Volumen II : Sobre los querubines -- Los sacrificios de Abel y Caín -- Sobre los gigantes -- Sobre la inmutabilidad de Dios -- Sobre la agricultura -- Sobre la plantación -- Sobre la ebriedad -- Sobre la sobriedad -- Volumen III : La confusión de la lengua -- La migración de Abraham -- El heredero de los bienes divinos -- Acerca de la unión con los estudios preliminares -- Sobre la fuga y el encuentro -- Sobre el cambio de nombres -- Sobre Dios -- Volumen IV: Sobre los sueños -- Sobre Abraham -- Sobre José -- Sobre las virtudes -- Premios y castigos -- Volumen V : Vida de Moisés I-II -- La vida contemplativa -- Contra Flaco -- Embajada ante Gayo.
600 0 7 _aFilón,
_cde Alejandría
_tObras Clásicas
720 _aMartín, José Pablo
_edirector
942 _cBK
999 _c44984
_d44984